| 000 | nam a22 7a 4500 | ||
|---|---|---|---|
| 999 |
_c29372 _d29372 |
||
| 008 | 171205b xxu||||| |||| 00| 0 eng d | ||
| 020 | _a9789966460004 | ||
| 050 | _aAFR PR 9387.9 .A25N6 1960 | ||
| 100 | _aAchebe, Chinua | ||
| 245 |
_aNo longer at ease/ _cChinua Achebe. |
||
| 260 |
_aNew York : _bAnchor Books, _c[1994], ©1960. |
||
| 300 | _a154 p.: ill.; 20 cm | ||
| 650 | _aCity and town life | ||
| 942 |
_2lcc _cAFRICANA _hAFR PR 9387.9 .A25N6 1960 _09 |
||